Optimálne programovanie
Salvato in:
| Autore principale: | |
|---|---|
| Natura: | Libro |
| Lingua: | slovacco |
| Pubblicazione: |
Bratislava
Alfa
1990
|
| Edizione: | 2. uprav. vyd. |
| Serie: | Edícia ekonomickej literatúry
|
| Tags: |
Nessun Tag, puoi essere il primo ad aggiungerne!!
|
MARC
| LEADER | 00000nam a2200000 4500 | ||
|---|---|---|---|
| 001 | c027973 | ||
| 005 | 20250606105739.7 | ||
| 020 | |a 80-05-00663-2 | ||
| 041 | 0 | |a slo | |
| 044 | |a SK | ||
| 245 | 1 | 0 | |a Optimálne programovanie |c Adam Lasčiak a kol. |
| 250 | |a 2. uprav. vyd. | ||
| 264 | 1 | |a Bratislava |b Alfa |c 1990 | |
| 300 | |a 655 s. | ||
| 490 | 1 | |a Edícia ekonomickej literatúry | |
| 830 | 0 | |a Edícia ekonomickej literatúry | |
| 100 | 1 | |a Lasčiak, Adam | |